000
00237 a2200097 4500
001
8965
100
_a
Fazal Ahmed
245
_a
Meet the master A Short life sketch of Muhammad The Soviour
260
_a
_b
Heinen
_c
090
_c
7155
_d
7155
942
_a
NUST-CAE
_c
M
_c
33773
999
_c
244038
_d
244038